000 00964cab a2200217 4500
001 ##L134246
008 060719n2006 000 0 eng u
035 _a(Sirsi) u134246
041 0 _aeng
100 1 _aSlessenger, Emma
245 0 0 _aRemain the kings of the castle
260 _c2006
490 0 _aEstates Gazette
_v(0628) 15 July 2006, 99(1)
520 _aReviews the law of adverse possession in respect of registered land, advising that successful squatters need to protect their rights by registering their title before 13 October 2006. This is the expiry date of the three-year transitional period of protection for squatters who had achieved 12 years' adverse possession under the old law.
590 _aIKA010806
650 2 4 _aLAND REGISTRATION RULES 2003
650 2 4 _aLAND REGISTRATION ACT 2002
651 4 _aEngland and Wales
_y1543-
690 _aPROPERTY-PROPERTY ACQUISITION AND DISPOSAL-REGISTRATION OF TITLE TO PROPERTY
942 _n0
999 _c77423
_d77423